000 00591nam a22002177a 4500
001 BD-DhSAU 5632
003 BD-DhSAU
005 20150416162424.0
008 150416b1945 enka|||| |||| 001 0 eng d
040 _aBD-DhSAU
082 _222
_a635.21
_bWHP
245 _aThe potato :
_bin health and disease /
250 _a2nd revised & enlarged ed.
260 _aLondon :
_bOliver and Boyd ,
_cc1945.
300 _axv, 400 p. :
_bill. ;
_c22 cm.
504 _aIncludes bibliographical references and index.
590 _aJerin
650 _aPotatoes.
650 _aHealth
650 _aDisease
942 _2ddc
_cBOOK
999 _c5632
_d5632